Simulácia nábehu linky do sériovej výroby vo Witness

Enregistré dans:
Détails bibliographiques
Auteur principal: Polák, Marek (Auteur)
Autres auteurs: Važan, Pavel (Directeur de thèse)
Format: Manuscrit Livre
Langue:slovaque
Publié: 2024
Sujets:
Accès en ligne:http://is.stuba.sk/zp/portal_zp.pl?podrobnosti=177850
Tags: Ajouter un tag
Pas de tags, Soyez le premier à ajouter un tag!

MARC

LEADER 00000ntm a22000003a 4500
001 stuzp96560
003 SK-STU
005 20240608210802.9
007 ta
008 150427s2015----xo-----f-mn---000-0-slo-d
040 |a STU  |b slo 
041 0 |a slo 
100 1 |a Polák, Marek  |u 064000  |k Z4  |4 aut  |U MTF Materiálovotechnologická fakulta  |T MTF Ústav priemyselného inžinierstva a manažmentu  |X 104342  |U M4000  |Y 84  |7 104342 
242 0 1 |a Simulation of the ramp-up of the line to serial production in Witness  |y eng 
245 1 0 |a Simulácia nábehu linky do sériovej výroby vo Witness 
260 |c 2024 
650 4 |a klimatizácia  |2 slo 
650 4 |a simulačný model  |2 slo 
650 4 |a experiment  |2 slo 
650 4 |a simulácia  |2 slo 
650 4 |a simulation  |2 eng 
650 4 |a simulation model  |2 eng 
650 4 |a climatization  |2 eng 
650 4 |a experiment  |2 eng 
700 1 |a Važan, Pavel  |u 066000  |k Z1  |4 ths  |U MTF Materiálovotechnologická fakulta  |T MTF Ústav aplikovanej informatiky, automatizácie a mechatroniky  |X 323  |U M6000  |Y 86  |7 A000000323 
856 4 |u http://is.stuba.sk/zp/portal_zp.pl?podrobnosti=177850 
996 |c M* DP-15410  |l MMSKP  |s P  |a 0  |w stuzp96560_0001